Building for Worship (Record no. 5524)

MARC details
000 -LEADER
fixed length control field 00636nam a2200241 a 4500
020 ## - INTERNATIONAL STANDARD BOOK NUMBER
ISBN
082 00 - DEWEY DECIMAL CLASSIFICATION NUMBER
Classification number 726.5
Author Cutter SMA
100 ## - MAIN ENTRY--AUTHOR NAME
Author name Smalley, Stephens
245 ## - TITLE STATEMENT
Title Building for Worship
Sub title Biblical Principles in Church Design
260 ## - PUBLICATION, DISTRIBUTION, ETC. (IMPRINT)
Place of publication London
Name of publisher Hodder & Stoughton
Year of publication 1967
300 ## - PHYSICAL DESCRIPTION
Number of Pages 96p
500 ## - GENERAL NOTE
General note includes index and biblioraphy
505 2# - FORMATTED CONTENTS NOTE
Formatted contents note Index of Churches
650 ## - SUBJECT ADDED ENTRY--TOPICAL TERM
Topical Term Church-Buildings Architecture
942 ## - ADDED ENTRY ELEMENTS (KOHA)
Koha item type Books
700 1# -
-- Smalley, Stephens
Holdings
Home library Current library Date acquired Cost, normal purchase price Full call number Accession Number Koha item type
Henry Martyn Institute Library Henry Martyn Institute Library 06/15/2007 241.20 246.5 SMA 06617 Books
Henry Martyn Institute Library Henry Martyn Institute Library 05/01/2018 50.00 246.5 SMA 3546 Books
                   Copyright © 2026 | Henry Martyn Institute | Hyderabad | TS-500052 | INDIA | Implemented by hmi.edu.in
Hit-Count:

Powered by Koha